000 00736nam a22002417a 4500
001 8936
003 FISKH
005 20251110160729.0
008 251110b cb ||||| |||| 00| 0 eng d
040 _aFISKH
_beng
_cFISKH
_dFISKH
082 _a434
100 _aLee, Quinlan B.
245 _aUp, up, and away /
_cby Quinlan B. Lee
260 _aNew York :
_bScholastic,
_c2014.
300 _a16 unnumbered pages :
_bcolor illustrations ;
_c19 cm
505 _aE
520 _aHelp your kids learn to read with Lego DC Super Heroes. Includes short and long vowel sounds: A, E, I, O, U.
521 8 _a160
_bLexile estimate
521 8 _aE
_bRaz-Plus
650 _aMystery
_vPhonics
942 _2ddc
_cBK
_n0
999 _c8936
_d8936